Desfile de modelos: análisis de la conducta ética
Kaydedildi:
| Yazar: | |
|---|---|
| Materyal Türü: | Kitap |
| Dil: | İspanyolca |
| Baskı/Yayın Bilgisi: |
Madrid
Rialp
2000
|
| Edisyon: | 4a. ed |
| Seri Bilgileri: | Colección Vértice
|
| Konular: | |
| Etiketler: |
Etiketle
Etiket eklenmemiş, İlk siz ekleyin!
|
MARC
| LEADER | 00000nam a2200000 a 4500 | ||
|---|---|---|---|
| 001 | UCM5746 | ||
| 003 | CL-VaPUC | ||
| 008 | 021018e20000000SP |||||||||||||||||spa|d | ||
| 082 | 0 | 4 | |a 170 |b AYL |2 21 |
| 100 | 0 | |a Ayllón, José Ramón |e author |9 471864 | |
| 245 | 1 | 0 | |a Desfile de modelos: análisis de la conducta ética |
| 250 | |a 4a. ed | ||
| 300 | |a 215 p | ||
| 942 | |c BK | ||
| 945 | |d 20021018 00:00:00 |a cmena | ||
| 260 | |a Madrid |b Rialp |c 2000 | ||
| 650 | 0 | |a Ética |9 255099 | |
| 650 | 0 | |a Filosofía moral |9 310115 | |
| 650 | 0 | |a Conceptos morales |9 310606 | |
| 650 | 0 | |a Comportamiento moral |9 334569 | |
| 583 | |a last modification |c 20021018 00:00:00 |k Rodrigo Vera | ||
| 490 | 0 | |a Colección Vértice | |
| 999 | |c 301604 |d 301602 | ||
| 952 | |0 0 |1 0 |4 0 |6 170_000000000000000_AYL_2000 |7 0 |8 A |9 360776 |a BIBEDU |b BIBEDU |d 2019-11-21 |i 3846032 |o 170 AYL 2000 |p 3846032 |r 2019-11-21 |w 2019-11-21 |y BK |k FIL | ||